| 000 | 00757nam a22002177a 4500 | ||
|---|---|---|---|
| 999 |
_c11008 _d11008 |
||
| 003 | AR-CdUCM | ||
| 008 | 190402b ||||| |||| 00| 0 spa d | ||
| 040 |
_aMUNICIPALIDAD PROVINCIAL DEL CUSCO _cBIBLIOTECA MUNICIPAL DEL CUSCO |
||
| 041 | _heng | ||
| 082 |
_a301.6 / _bM12 / 1944 |
||
| 100 |
_aMac Iver, R. M. _928115 |
||
| 245 |
_aComunidad : _bestudio sociológico / |
||
| 260 |
_aBuenos Aires : _bLosada, _c1944. |
||
| 300 |
_a464 páginas ; _c20 cm. |
||
| 505 | _aContenido: Introducción -- Análisis de la comunidad -- Las leyes primarias del desarrollo de la comunidad ... | ||
| 650 |
_aCiencia social _93526 |
||
| 650 |
_aConocimiento social _928116 |
||
| 700 |
_aPrados Arrarte, J. (traducción) _928117 |
||
| 942 |
_2ddc _cLIBROS |
||
| 945 | _aacv | ||